| 000 | 00468 a2200157 4500 | ||
|---|---|---|---|
| 003 | NUST | ||
| 005 | 20230210130552.0 | ||
| 040 | _cNust | ||
| 082 | _a070,NAZ | ||
| 100 |
_aNaz, Ahsen Akhtar _9108883 |
||
| 245 |
_aTaraqqi pasand tehreek wa sahafat Makalmat / ترقی پسند تحریک و صحافت (Urdu) / _cDr Ahsan Akhtar Naz |
||
| 260 |
_aLahore _bNadeem Younas Press _c2008 |
||
| 300 | _a254:p. | ||
| 650 | _aCommunications (Urdu) | ||
| 942 |
_2ddc _cBK _k070,NAZ |
||
| 999 |
_c188059 _d188059 |
||